|
|
|
|
| LEADER |
00000cam a22000004a 4500 |
| 001 |
musev2_22110 |
| 003 |
MdBmJHUP |
| 005 |
20230905042344.0 |
| 006 |
m o d |
| 007 |
cr||||||||nn|n |
| 008 |
130403s2004 kyu o 00 0 eng d |
| 020 |
|
|
|a 9780813144085
|
| 020 |
|
|
|z 9780813128535
|
| 020 |
|
|
|z 9780813190761
|
| 020 |
|
|
|z 9780813144092
|
| 035 |
|
|
|a (OCoLC)746269569
|
| 040 |
|
|
|a MdBmJHUP
|c MdBmJHUP
|
| 245 |
0 |
0 |
|a Unchained Voices :
|b An Anthology of Black Authors in the English-Speaking World of the Eighteenth Century /
|c Vincent Carretta, editor.
|
| 250 |
|
|
|a Expanded ed.
|
| 264 |
|
1 |
|a Lexington :
|b University Press of Kentucky,
|c 2004.
|
| 264 |
|
3 |
|a Baltimore, Md. :
|b Project MUSE,
|c 2014
|
| 264 |
|
4 |
|c ©2004.
|
| 300 |
|
|
|a 1 online resource (416 pages):
|b illustrations
|
| 336 |
|
|
|a text
|b txt
|2 rdacontent
|
| 337 |
|
|
|a computer
|b c
|2 rdamedia
|
| 338 |
|
|
|a online resource
|b cr
|2 rdacarrier
|
| 505 |
0 |
0 |
|t Narrative of the uncommon sufferings, and suprizing deliverance of Briton Hammon, a Negro man /
|r Briton Hammon --
|g Poems:
|t An evening thought ;
|t An address to Miss Phillis Wheatly, Ethiopian poetess /
|r Jupiter Hammon --
|t A narrative of the most remarkable particulars in the life of James Albert Ukawsaw Gronniosaw, an African prince, as related by himself /
|r James Albert ukawsaw Gronniosaw --
|g Poems:
|t An elegiac poem, on the death of--George Whitefield ;
|t Poems on various subjects, religious and moral ;
|t "To his excellency General Washington" /
|r Phillis Wheatley --
|t "An ode" /
|r Francis Williams --
|t Letters of the late Ignatius Sancho, an African. In two volumes. To which are prefixed, memoirs of his life /
|r Ignatius Sancho --
|t A narrative of the Lord's wonderful dealings with John Marrant, a Black /
|r John Marrant -- The life and confession of Johnson Green, who is to be executed this day, August 17th, 1786, for the atrocious crime of burglary; together with his last and dying words /
|r Johnson Green --
|t "Petition of an African slave, to the Legislature of Massachusetts" /
|r Belinda --
|t Thoughts and sentiments on the evil and wicked traffic of the slavery ad commerce of the human species, humbly submitted to the inhabitants of Great Britain, by Ottobah Cugoano, a native of Africa /
|r Quobna Ottobah Cugoano --
|t The interesting narrative of the life of Olaudah Equiano, or Gustavus Vassa, the African, written by himself /
|r Olaudah Equiano --
|t Copy of a letter from Benjamin Banneker to the Secretary of State, with his answer /
|r Benjamin Banneker --
|t "An account of several Baptist churches, consisting chiefly of Negro slaves: particularly of one at Kingston, in Jamaica; and another at Savannah in Georgia" /
|r Geroge Liele --
|t "An account of the life of Mr. David George, from Sierra Leone in Africa; given by himself in a conversation with Brother Rippon of London, and Brother Pearce of Birmingham" /
|r David George --
|t "Memoirs of the life of Boston King, a Black preacher. Written by himself, during his residence at Kingswood-School" /
|r Boston King --
|t A narrative of the life and adventures of Venture, a native of Africa: but resident above sixty years in the United States of America, related by himself /
|r Venture Smith.
|
| 520 |
|
|
|a Vincent Carretta has assembled the most comprehensive anthology ever published of writings by eighteenth-century people of African descent, capturing the diverse experiences of blacks on both sides of the Atlantic--America, Britain, the West Indies, and Africa--between 1760 and 1798. --from publisher description.
|
| 588 |
|
|
|a Description based on print version record.
|
| 650 |
|
7 |
|a Litterature anglaise
|x Auteurs noirs
|y 18e siecle.
|2 ram
|
| 650 |
|
7 |
|a Anthologie
|2 gnd
|
| 650 |
|
7 |
|a Literatur
|2 gnd
|
| 650 |
|
7 |
|a English literature
|x Black authors.
|2 fast
|0 (OCoLC)fst00912006
|
| 650 |
|
7 |
|a English literature.
|2 fast
|0 (OCoLC)fst00911989
|
| 650 |
|
7 |
|a American literature
|x African American authors.
|2 fast
|0 (OCoLC)fst00807114
|
| 650 |
|
7 |
|a African Americans.
|2 fast
|0 (OCoLC)fst00799558
|
| 650 |
|
7 |
|a Black people.
|2 fast
|0 (OCoLC)fst00833880
|
| 650 |
|
7 |
|a LITERARY CRITICISM
|x American
|x African American.
|2 bisacsh
|
| 650 |
|
7 |
|a LITERARY COLLECTIONS
|x English, Irish, Scottish, Welsh.
|2 bisacsh
|
| 650 |
|
6 |
|a Noirs
|v Anthologies.
|
| 650 |
|
6 |
|a Litterature anglaise
|y 18e siecle.
|
| 650 |
|
6 |
|a Noirs americains
|v Anthologies.
|
| 650 |
|
6 |
|a Noirs americains
|x Histoire
|y Jusqu'à 1863
|v Sources.
|
| 650 |
|
6 |
|a Litterature anglaise
|x Auteurs noirs.
|
| 650 |
|
0 |
|a Black people
|v Literary collections.
|
| 650 |
|
0 |
|a English literature
|y 18th century.
|
| 650 |
|
0 |
|a African Americans
|v Literary collections.
|
| 650 |
|
0 |
|a American literature
|x African American authors.
|
| 650 |
|
0 |
|a African Americans
|x History
|y To 1863
|v Sources.
|
| 650 |
|
0 |
|a Black people
|z Great Britain
|x History
|v Sources.
|
| 650 |
|
0 |
|a Black people
|z English-speaking countries
|x History
|y 18th century
|v Sources.
|
| 650 |
|
0 |
|a English literature
|x Black authors.
|
| 651 |
|
7 |
|a USA.
|2 swd
|
| 651 |
|
7 |
|a Schwarze.
|2 swd
|
| 651 |
|
7 |
|a Englisch.
|2 swd
|
| 651 |
|
7 |
|a Grossbritannien
|2 gnd
|
| 651 |
|
7 |
|a Great Britain.
|2 fast
|0 (OCoLC)fst01204623
|
| 651 |
|
7 |
|a English-speaking countries.
|2 fast
|0 (OCoLC)fst01261775
|
| 655 |
|
7 |
|a Sources.
|2 fast
|0 (OCoLC)fst01423900
|
| 655 |
|
7 |
|a Literary collections.
|2 fast
|0 (OCoLC)fst01423811
|
| 655 |
|
7 |
|a History.
|2 fast
|0 (OCoLC)fst01411628
|
| 655 |
|
7 |
|a Electronic books.
|2 local
|
| 700 |
1 |
|
|a Carretta, Vincent.
|
| 710 |
2 |
|
|a Project Muse.
|e distributor
|
| 830 |
|
0 |
|a Book collections on Project MUSE.
|
| 856 |
4 |
0 |
|z Texto completo
|u https://projectmuse.uam.elogim.com/book/22110/
|
| 945 |
|
|
|a Project MUSE - Custom Collection
|
| 945 |
|
|
|a Project MUSE - Archive Complete Supplement II
|
| 945 |
|
|
|a Project MUSE - Archive Literature Supplement II
|